000
00352nam a2200133Ia 4500
008
151001s9999||||xx |||||||||||||| ||und||
100
_a
सुर्यदीन यादव
245
_a
चौपार
250
_a
1
260
_b
"नीरज बुक सेंटर,दिल्ली"
260
_c
2011
300
_a
159
365
_b
21
999
_c
999450
_d
999447